The art of communication (Record no. 72266)

MARC details
000 -LEADER
fixed length control field 01377cam a2200277 4500
001 - CONTROL NUMBER
control field X121571
008 - FIXED-LENGTH DATA ELEMENTS--GENERAL INFORMATION
fixed length control field 030307n2003 000 0 eng u
035 ## - SYSTEM CONTROL NUMBER
System control number (Sirsi) u121571
100 ## - MAIN ENTRY--PERSONAL NAME
Personal name Lewin, L.
245 #4 - TITLE STATEMENT
Title The art of communication
260 ## - PUBLICATION, DISTRIBUTION, ETC.
Date of publication, distribution, etc. 2003
490 ## - SERIES STATEMENT
Series statement Property Law
Volume/sequential designation (62) January 2003, 3-4(2)
520 ## - SUMMARY, ETC.
Summary, etc. Discusses the suggestion by a Housing Improvement Task Force sub-group that best practice guidelines should be introduced to ensure home buyers and sellers are given adequate information about the process, the costs of repair and the maintenance obligations arising from titles. The Law Society of Scotland has responded by indicating that solicitors should mention the charges section of any land certificate and the burdens section of any burden writs regarding the property to their clients. The Society is also likely to make letters outlining the terms and conditions of engagement mandatory in residential property transactions for private clients.
650 ## - SUBJECT ADDED ENTRY--TOPICAL TERM
Topical term or geographic name entry element BURDEN WRITS
650 ## - SUBJECT ADDED ENTRY--TOPICAL TERM
Topical term or geographic name entry element BURDENS SECTIONS
650 ## - SUBJECT ADDED ENTRY--TOPICAL TERM
Topical term or geographic name entry element CONDITIONS OF ENGAGEMENT
650 ## - SUBJECT ADDED ENTRY--TOPICAL TERM
Topical term or geographic name entry element CHARGES SECTIONS
650 ## - SUBJECT ADDED ENTRY--TOPICAL TERM
Topical term or geographic name entry element LAND CERTIFICATE
650 ## - SUBJECT ADDED ENTRY--TOPICAL TERM
Topical term or geographic name entry element LETTERS OF ENGAGEMENT
650 ## - SUBJECT ADDED ENTRY--TOPICAL TERM
Topical term or geographic name entry element MAINTENANCE COSTS
650 ## - SUBJECT ADDED ENTRY--TOPICAL TERM
Topical term or geographic name entry element MAINTENANCE OBLIGATIONS
650 ## - SUBJECT ADDED ENTRY--TOPICAL TERM
Topical term or geographic name entry element SCOTLAND
650 ## - SUBJECT ADDED ENTRY--TOPICAL TERM
Topical term or geographic name entry element SOLICITORS
690 ## - LOCAL SUBJECT ADDED ENTRY--TOPICAL TERM (OCLC, RLIN)
Topical term or geographic name as entry element PROPERTY AND LAND LAW-CONVEYANCING
942 ## - ADDED ENTRY ELEMENTS (KOHA)
Suppress in OPAC 0
Holdings
Withdrawn status Lost status Source of classification or shelving scheme Damaged status Not for loan Home library Current library Shelving location Date acquired Total Checkouts Full call number Barcode Date last seen Copy number Price effective from Koha item type
    Dewey Decimal Classification     London London Journal article 07/03/2003   X121571 121571-1001 06/08/2019 1 06/08/2019 Journal article